01104 2200385 4500001002100000005001500021035002500036008004100061082001600102100002100118245011300139250002500252260003400277300002500311500004600336500006300382650001300445650001000458700002200468700001300490850001200503040001700515084001800532041001300550990001500563990001600578990001600594990001500610990001500625990001500640990001600655990001600671990001600687990001500703YOGYA-0209000000988320180720091039 a0010-020900000009883090227s ind 04223a297.2731 aAsyur, Ahmad Isa1 aFiqih Islam praktis :bbab: muamalah /cAhmad Isa Asyur; penerjemah, Abdulhamid Zahwan; penyunting, Purwanto aCetakan I: Juli 1995 aSolo :bPustaka Mantiq,c1995 a466 halaman ;c20 cm aJudul asli: Fiqhul Muyassar fil Mu'amalat aTeks dalam bahasa Indonesia diterjemahkan dari bahasa Arab 4aMuamalah 4aFikih0 aAbdulhamid Zahwan0 aPurwanto aYOPDYOG aYOPDYOGbind a297.273 ASY f1 aindhara a90582-P/97 a106012-P/98 a106013-P/98 a90578-P/97 a90579-P/97 a90580-P/97 a106023-P/98 a106024-P/98 a106025-P/98 a90581-P/97